Dental public health at a glance
Guardat en:
| Autor principal: | |
|---|---|
| Format: | Llibre |
| Idioma: | anglès |
| Publicat: |
John Wiley & Sons
2016
|
| Etiquetes: |
Afegir etiqueta
Sense etiquetes, Sigues el primer a etiquetar aquest registre!
|
MARC
| LEADER | 00000nam a22000007a 4500 | ||
|---|---|---|---|
| 008 | 201214b ||||| |||| 00| 0 eng d | ||
| 020 | |a 978-1-118-62940-6 | ||
| 100 | |a CHESTNUTT, Ivor G | ||
| 245 | |a Dental public health at a glance |c Ivor G. Chestnutt.- Chichester |g vii, 124p.; ill | ||
| 260 | |b John Wiley & Sons |c 2016 |h Chichester, West Sussex, UK |i 685082 |l RK 56 .C42 |m Public health dentistry – Handbooks |m Dental health services – Handbooks |m Oral health – Handbooks | ||
| 500 | |a It includes bibliographical references and index | ||
| 942 | |a lcc |c BK |e ADEYEYE Y.S. |f 14/12/2020 | ||
| 952 | |0 0 |1 0 |2 lcc |4 0 |7 0 |9 429 |a HOL |b HOL |c QZ |d 2020-12-14 |o RK 56 .C42 |p 2020-2159 |r 2020-12-14 00:00:00 |w 2020-12-14 |y BK | ||
| 999 | |c 214 |d 214 | ||